00316 a2200121 4500020001800000050001900018100003400037245004800071264002700119300001200146500001900158650001700177 a9783406650475 aKJE2855THU2013 aThusing Gregor, LL.Meauthort aEuropean Labour Law /cGregor Thusing, LL.M aOxford:bVerlag,c2013 a216p. : aincludes index aEuropean law